00508 2200193 4500001002100000005001500021035002000036245007200056100001700128250000600145300003400151700001600185260003200201082000800233084001400241020002200255600002000277990001700297INLIS00000000000178520250813104229 a0010-08250000161 aKomik 100 Kebiasaan Nabi 2 /cStraightedge; Penyunting, Diyah Rahma0 aStraightedge a- a207 hlm. :bilus. ;c20,5 cm.0 aDiyah Rahma aJakarta :bSalsabila,c2024 a813 a813 STR k a978-602-1695-44-9 4aFiksi Indonesia a05375/P/2025